Epidémiologie (Record no. 49602)

MARC details
000 -LEADER
fixed length control field 00780nam a22002177a 4500
008 - FIXED-LENGTH DATA ELEMENTS--GENERAL INFORMATION
fixed length control field 110811t xxu||||| |||| 00| 0 eng d
020 ## - INTERNATIONAL STANDARD BOOK NUMBER
International Standard Book Number 2-257-14377-9
040 ## - CATALOGING SOURCE
Original cataloging agency BUAC
Transcribing agency CDIRSP
041 ## - LANGUAGE CODE
Language code of text/sound track or separate title Fr
100 ## - MAIN ENTRY--PERSONAL NAME
Personal name RUMEAU- ROUQUETTE, Claude
9 (RLIN) 18179
245 ## - TITLE STATEMENT
Title Epidémiologie
Remainder of title : méthodes et pratique
Statement of responsibility, etc / Claude RUMEAU- ROUQUETTE, Béatrice BLONDEL, Monique KAMINSKI ...et, al
260 ## - PUBLICATION, DISTRIBUTION, ETC. (IMPRINT)
Place of publication, distribution, etc Paris :
Name of publisher, distributor, etc Flammarion Médecine- Sciences,
Date of publication, distribution, etc 1993
300 ## - PHYSICAL DESCRIPTION
Extent 312 p.
440 ## - SERIES STATEMENT/ADDED ENTRY--TITLE
Title (Statistique en Biologie et en Médecine)
9 (RLIN) 18180
650 ## - SUBJECT ADDED ENTRY--TOPICAL TERM
Topical term or geographic name as entry element Epidémiologie
9 (RLIN) 18181
653 ## - INDEX TERM--UNCONTROLLED
Uncontrolled term Statistique sanitaire
-- Méthodes, pratique
700 ## - ADDED ENTRY--PERSONAL NAME
Personal name BLONDEL, Béatrice
9 (RLIN) 18182
700 ## - ADDED ENTRY--PERSONAL NAME
Personal name KAMINSKI, Monique
9 (RLIN) 18183
700 ## - ADDED ENTRY--PERSONAL NAME
Personal name SCHWARTZ, Daniel
Titles and other words associated with a name Préf.
9 (RLIN) 18184
942 ## - ADDED ENTRY ELEMENTS (KOHA)
Item type Livre
Holdings
Withdrawn status Lost status Damaged status Not for loan Location (home branch) Sublocation or collection (holding branch) Date acquired Source of acquisition Koha issues (times borrowed) Koha full call number Piece designation (barcode) Koha date last seen Copy number Price effective from Koha item type
        Centre de Documentation et d'Information de l'Institut Regional Santé Publique Centre de Documentation et d'Information de l'Institut Regional Santé Publique 11/08/2011 Achat   WA 110 EPI 4069CDIRSP 11/08/2011 1 11/08/2011 Livre
        Centre de Documentation et d'Information de l'Institut Regional Santé Publique Centre de Documentation et d'Information de l'Institut Regional Santé Publique 11/08/2011 Achat   WA 110 EPI 4070CDIRSP 11/08/2011 1 11/08/2011 Livre


© 2008, Bibliothèques de l'Université d'Abomey-Calavi

04 BP 789 Cotonou, Tél. : +229 21 36 01 01, Fax : +229 21 35 06 32

Courriel : bu@bu.uac.bj